01094nam a2200301 a 4500001001100000003000800011006001900019007001500038008004100053020003200094040002100126035002100147050002800168100002300196245006200219260004800281300002800329490001000357500002000367533015200387630002600539650003000565655002900595710001700624830001100641856012500652999001500777ebr5002040CaPaEBRm u cr cn|||||||||020513s2001 ohua s 001 0 eng d z1929685548 (electronic bk.) aCaPaEBRcCaPaEBR a(OCoLC)64689641314aML74.4.S65bG377 2001eb1 aGarrigus, Scott R.10aSonar power!h[electronic resource] /cScott R. Garrigus. aCincinnati, Ohio :bMuska & Lipman,cc2001. avii, 466, 42 p. :bill.1 aPower aIncludes index. aElectronic reproduction.bPalo Alto, Calif. :cebrary,d2009.nAvailable via World Wide Web.nAccess may be limited to ebrary affiliated libraries.00aSonar (Computer file) 0aMusicxComputer programs. 7aElectronic books.2local2 aebrary, Inc. 0aPower.40uhttp://site.ebrary.com/lib/rucke/Doc?id=5002040zAn electronic book accessible through the World Wide Web; click to view c1350d1350